Statystyki dla Oficjalne i regionalne języki państw Europy

Kliknij tutaj aby rozwiązać quiz!

Ogólne statystyki

  • Ten quiz został rozwiązany 10 963 razy
  • Średni wynik to 35 z 73

Odpowiedzi na mapie

Odpowiedzi skodowane kolorowo w zielono-czerwonej skali na mapie do tego quizu, zgodnie z poniższymi procentami.
 

Statystyki odpowiedzi

RodzinaJ1J2Język% Poprawnych
Słowiańskie38 mln-Polski
100%
Słowiańskie106 mln54 mlnRosyjski
99%
Słowiańskie32 mln-Ukraiński
98%
Germańskie97 mln63 mlnNiemiecki
97%
Germańskie63 mln197 mlnAngielski
96%
Romańskie71 mln64 mlnFrancuski
96%
Słowiańskie10 mln-Czeski
95%
Romańskie38 mln38 mlnHiszpański
95%
Romańskie65 mln17 mlnWłoski
95%
Romańskie10 mln-Portugalski
94%
Germańskie5.2 mln-Norweski
92%
Helleńskie11 mln-Grecki
91%
Słowiańskie5.2 mln-Słowacki
91%
Tureckie12 mln-Turecki
90%
Romańskie24 mln4.0 mlnRumuński
89%
Germańskie5.5 mln-Duński
88%
Słowiańskie3.3 mln-Białoruski
87%
Uralskie1.1 mln-Estoński
87%
Germańskie22 mln-Niderlandzki
87%
Germańskie11 mln2.1 mlnSzwedzki
87%
Słowiańskie7.8 mln-Bułgarski
86%
Uralskie13 mln-Węgierski
86%
Bałtyckie3.0 mln-Litewski
85%
Germańskie330 tys.-Islandzki
84%
Inne Indoeuropejskie5.8 mln-Albański
83%
Bałtyckie1.7 mln-Łotewski
83%
Słowiańskie2.1 mln-Słoweński
82%
Słowiańskie1.4 mln-Macedoński
81%
Uralskie5.4 mln-Fiński
77%
Celtyckie240 tys.1.0 mlnIrlandzki
74%
Słowiańskie50 tys.-Kaszubski
72%
Romańskie4.0 mln6.0 mlnKataloński
72%
Celtyckie57 tys.-Gaelicki szkocki
70%
Celtyckie562 tys.188 tys.Walijski
70%
Germańskie336 tys.50 tys.Luksemburski
54%
Słowiańskie21 mln-Serbsko-chorwacki
44%
Semickie520 tys.-Maltański
43%
Języki izolowane750 tys.-Baskijski
40%
Romańskie1.3 mln-Sardyński
36%
Tureckie480 tys.-Krymskotatarski
35%
Północno-wschodniokaukaskie1.4 mln-Czeczeński
31%
Romańskie2.4 mln-Galicyjski
30%
Tureckie4.3 mln-Tatarski
27%
Romańskie30 tys.95 ktys.Korsykański
23%
Uralskie23 tys.-Saamski
16%
Germańskie66 tys.-Farerski
15%
Germańskie3.5 tys.-Północnofryzyjski
15%
Germańskie470 tys.-Zachodniofryzyjski
15%
Celtyckie557-Kornijski
14%
Słowiańskie20 tys.-Łużycki
14%
Romańskie44 tys.-Romansz
14%
Słowiańskie70 tys.-Rusiński
10%
Indoirańskie597 tys.-Osetyjski
9%
Tureckie140 tys.-Gagauski
7%
Celtyckie2302.0 tys.Manx
7%
Tureckie1.2 mln-Baszkirski
6%
Mongolskie80 tys.-Kałmucki
6%
Tureckie1.1 mln-Czuwaski
5%
Północno-wschodniokaukaskie300 tys.-Inguski
4%
Uralskie220 tys.-Komi
4%
Północno-zachodniokaukaskie117 tys.-Adygejski
3%
Uralskie500 tys.-Maryjski
3%
Uralskie340 tys.-Udmurcki
3%
Uralskie120 tys.-Erzja
2%
Romańskie200-Guernésiais | Dgèrnésiais
2%
Romańskie1.9 tys.900Jèrriais
2%
Północno-zachodniokaukaskie530 tys.-Kabardyjski
2%
Romańskie41 tys.-Ladyński
2%
Romańskie15 tys.-Mirandyjski
2%
Uralskie2.0 tys.-Moksza
2%
Tureckie87 tys.-Nogajski
2%
Północno-zachodniokaukaskie49 tys.-Abazyński
1%
Tureckie300 tys.-Karaczajsko-bałkarski
1%

Rozkład punktacji

Percentyl według liczby udzielonych odpowiedzi

Procent ludzi z każdym wynikiem

Twoja historia wyników

Nie rozwiązałeś tego quizu